An answer to the Scots Presbyterian eloquence : in three parts.

Bibliographic Details
Main Author: Ridpath, George, -1726
Format: Microform Book
Language:English
Published: London : [publisher not identified], 1694.
Edition:The second edition.
Series:Early English books, 1641-1700 ; 1366:4.
Subjects:

MARC

Tag First Indicator Second Indicator Subfields
LEADER 00000cam a2200000 a 4500
001 in00000891767
005 20150923140927.0
007 hd afv---baca
007 hz bfv---baaa
008 830927s1694 miu a 00000 eng d
035 |a (OCoLC)09955681 
035 |9 AEL4736AM 
037 |a CL0037000046  |b University Microfilms International 
037 |b University Microfilms International, 300 N. Zeeb Rd., Ann Arbor, MI 48106 
040 |a UMI  |c UMI  |d m/c  |d UtOrBLW 
049 |a TXAI 
090 |a BX9071  |b .R52 1694 
099 |a film   |a  B   |a  3609 
100 1 |a Ridpath, George,  |d -1726. 
245 1 3 |a An answer to the Scots Presbyterian eloquence :  |b in three parts. 
250 |a The second edition. 
264 1 |a London :  |b [publisher not identified],  |c 1694. 
300 |a 62 pages, 1 unnumbered page 
336 |a text  |b txt  |2 rdacontent 
337 |a microform  |b h  |2 rdamedia 
338 |a microfilm reel  |b hd  |2 rdacarrier 
500 |a "I. Being a catalogue of the cruel and bloody laws made by the Scots prelatists against the Presbyterians : with the instances of their numerous murders and other barbarities, beyond the extent of those laws, with reflections throughout, demonstrating the lenity of Their Majesties government, against the Scots prelatists and clergy. II. Laying open the self-contradictions, impudent lies, horrible blasphemes, and disloyalty of the obscene, scurrilous pamphlet called The Scots Presbyterian eloquence, III. Being a collection of their ridiculous expressions in sermons and instances of the vitious lives of their bishops and clergy." 
500 |a Dedication signed: Will. Laick. 
500 |a Reproduction of original in the British Library. 
510 4 |a Wing  |c R1459. 
533 |a Microfilm.  |b Ann Arbor, Mich. :  |c University Microfilms International,  |d 1983.  |e 1 microfilm reel ; 35 mm.  |f (Early English books, 1641-1700 ; 1366:4) 
500 |a Microform. 
600 1 0 |a Curate, Jacob.  |t Scotch Presbyterian eloquence. 
650 0 |a Presbyterianism. 
610 2 0 |a Church of Scotland  |x Controversial literature. 
830 0 |a Early English books, 1641-1700 ;  |v 1366:4. 
999 |a MARS 
999 f f |s 8222ebd4-de84-3fa2-b50f-c93c1377b4ff  |i defd47fb-901f-3269-bda4-c0fa756ea93f  |t 0 
952 f f |p default  |a Texas A&M University  |b College Station  |c Sterling C. Evans Library  |d Evans: Microforms (3rd floor)  |t 0  |e film B 3609 1366:4  |h Other scheme  |i microform -- microfilm reel 
998 f f |a film B 3609 1366:4  |t 0  |l Evans: Microforms (3rd floor)